Waiting for Godot: (Record no. 332229)
[ view plain ]
| 000 -LEADER | |
|---|---|
| fixed length control field | 00713 a2200169 4500 |
| 003 - CONTROL NUMBER IDENTIFIER | |
| control field | NUST |
| 005 - DATE AND TIME OF LATEST TRANSACTION | |
| control field | 20171120145642.0 |
| 008 - FIXED-LENGTH DATA ELEMENTS--GENERAL INFORMATION | |
| fixed length control field | 171120b xxu||||| |||| 00| 0 eng d |
| 040 ## - CATALOGING SOURCE | |
| Original cataloging agency | DLC |
| Language of cataloging | DLC |
| Transcribing agency | 0 |
| 082 ## - DEWEY DECIMAL CLASSIFICATION NUMBER | |
| Classification number | 842.912 BEC |
| 100 ## - MAIN ENTRY--PERSONAL NAME | |
| Personal name | Beckett, Samuel |
| 9 (RLIN) | 317 |
| 245 ## - TITLE STATEMENT | |
| Title | Waiting for Godot: |
| Statement of responsibility, etc. | S,Beckett |
| Medium | |
| Remainder of title | Tragicomedy in 2 Acts |
| 260 ## - PUBLICATION, DISTRIBUTION, ETC. | |
| Place of publication, distribution, etc. | Paris: |
| Name of publisher, distributor, etc. | A. B. Books, |
| Date of publication, distribution, etc. | 2006. |
| 300 ## - PHYSICAL DESCRIPTION | |
| Extent | 60p. ; |
| Dimensions | 24 cm. |
| 500 ## - GENERAL NOTE | |
| General note | Includes Index |
| 501 ## - WITH NOTE | |
| With note | P.B |
| 650 ## - SUBJECT ADDED ENTRY--TOPICAL TERM | |
| Topical term or geographic name entry element | Tragicomedy lcsh |
| 9 (RLIN) | 6574 |
| 942 ## - ADDED ENTRY ELEMENTS (KOHA) | |
| Koha item type | Book |
| Call number prefix | IESE |
| Source of classification or shelving scheme | |
| Withdrawn status | Lost status | Source of classification or shelving scheme | Damaged status | Not for loan | Collection code | Permanent Location | Current Location | Shelving location | Date acquired | Total Checkouts | Full call number | Barcode | Date last seen | Price effective from | Koha item type |
|---|---|---|---|---|---|---|---|---|---|---|---|---|---|---|---|
| Institute of Environmental Science and Engineering (IESE) | Institute of Environmental Science and Engineering (IESE) | Fiction | 11/20/2017 | 842.912 BEC | IESE-1324 | 11/20/2017 | 11/20/2017 | Book | |||||||
| Institute of Environmental Science and Engineering (IESE) | Institute of Environmental Science and Engineering (IESE) | Fiction | 11/20/2017 | 842.912 BEC | IESE-1325 | 08/27/2025 | 11/20/2017 | Book |
